000
00286 a2200121 4500
005
20260224173529.0
020
_a
9788126562947
100
_a
Montgomery D.
_9
216786
245
_a
Applied Statistics And Probability For Engineers
250
_a
6th
260
_b
WILLY
_c
2014
942
_c
AR
999
_c
370515
_d
370515